000 00476cam a2200181ua 4500
001 2909
008 110916n ii |||gr||||Z||||||asm
040 _cMAIN
082 _a920
100 1 _aGoswami, mahesh Chandra Dev,
_eEditor.
245 1 1 _aBezbarua-prativa
_ced. by Mahesh Chandra Dev Goswami
250 _a1st.
260 _aJorhat:
_bAssam sahitya Sabha,968.
300 _a262p:
_c23cm.
653 _aBiography
653 _aBiography of Bezbarua-prativa
942 _cBK
999 _c2757
_d2757